উন্নত চিন্তা মহৎ জীবন আদর্শ সমাজ / (Record no. 12352)
[ view plain ]
| 000 -LEADER | |
|---|---|
| fixed length control field | 00857nam a2200241 a 4500 |
| 001 - CONTROL NUMBER | |
| JCCL Control Number | 12352 |
| 003 - CONTROL NUMBER IDENTIFIER | |
| JCCL marc code | BD-JhCC |
| 005 - DATE AND TIME OF LATEST TRANSACTION | |
| control field | 20211104083253.0 |
| 008 - FIXED-LENGTH DATA ELEMENTS--GENERAL INFORMATION | |
| fixed length control field | 211104b2018 bg a|||| ||a| 000 0 Ben d |
| 020 ## - INTERNATIONAL STANDARD BOOK NUMBER | |
| International Standard Book Number | 9789848471647 |
| 035 ## - SYSTEM CONTROL NUMBER | |
| system control number | (BD-JhCC)12352 |
| 040 ## - CATALOGING SOURCE | |
| Original cataloging agency | BD-JhCC |
| Modifying agency | BD-JhCC |
| 041 ## - LANGUAGE CODE | |
| Language code of Book | bengali |
| 082 ## - DEWEY DECIMAL CLASSIFICATION NUMBER | |
| Classification number | 909.097671 |
| Author mark and Year | HAN 2018 |
| 100 ## - MAIN ENTRY--PERSONAL NAME | |
| Personal name | হান্নান, শাহ্ আব্দুল |
| 245 ## - TITLE STATEMENT | |
| Title | উন্নত চিন্তা মহৎ জীবন আদর্শ সমাজ / |
| Statement of responsibility, etc | শাহ্ আব্দুল হান্নান। |
| 260 ## - PUBLICATION, DISTRIBUTION, ETC. (IMPRINT) | |
| Place of publication, distribution, etc | ঢাকা: |
| Name of publisher, distributor, etc | বাংলাদেশ ইনস্টিটিউট অব ইসলামিক থ্যট; |
| Date of publication, distribution, etc | ২০১৮. |
| 300 ## - PHYSICAL DESCRIPTION | |
| Pagination | 269 p. : |
| Other physical details | ill; |
| Dimensions | 22 cm. |
| 650 ## - SUBJECT ADDED ENTRY--TOPICAL TERM | |
| Topical term or geographic name as entry element | Islamic sociology |
| 650 ## - SUBJECT ADDED ENTRY--TOPICAL TERM | |
| Topical term or geographic name as entry element | Islam and State |
| 942 ## - ADDED ENTRY ELEMENTS (KOHA) | |
| Source of classification or shelving scheme | Dewey Decimal Classification |
| Koha item type | Books |
| Source of classification or shelving scheme | Damaged status | Not for loan | Home library | Current library | Shelving location | Date of accession | Cost, normal purchase price | Total Checkouts | Full call number | Barcode | Date last seen | Copy number | Koha item type |
|---|---|---|---|---|---|---|---|---|---|---|---|---|---|
| Dewey Decimal Classification | JCC Rouf Library | JCC Rouf Library | General Stacks | 06/08/2021 | 240.00 | 909.097671 HAN 2018 | 16831 | 11/04/2021 | C-1 | Books |